It looks like you're offline.
Open Library logo
additional options menu

MARC Record from Scriblio

Record ID marc_records_scriblio_net/part10.dat:53778959:1352
Source Scriblio
Download Link /show-records/marc_records_scriblio_net/part10.dat:53778959:1352?format=raw

LEADER: 01352cam 2200301 i 4500
001 77356063 //r862
003 DLC
005 19860325000000.0
008 770425r19761620enk 00010beng
010 $a 77356063 //r862
015 $aGB76-16795
020 $a0859672948 :$c£10.00
041 1 $aengfre
043 $ae-it---
050 0 $aBX1750.A1$bE5 vol. 293$aBX4705.S367
082 $a230/.2 s$a248/.246$aB
100 10 $aBiondo, Giuseppe.
245 12 $aA relation of the death of ... Troilo Savelli /$c[by] Giuseppe Biondo ; [and] Holy philosophy / [by] Guillaume Du Vair ; [translated from the French by J. H.].
260 0 $aIlkley [etc.] :$bScolar Press,$c1976.
300 $a464 p. (in various pagings) ;$c20 cm.
440 0 $aEnglish recusant literature, 1558-1640 ;$vv. 293
500 $aBiondo's work reprinted from a copy in the library of Downside Abbey of the 1620 ed.; references: Allison and Rogers 112; STC 3134.
500 $aDu Vair's work reprinted from a copy in the library of Heythrop College of the 1636 ed.; reference: Allison and Rogers 290.
600 10 $aSavelli, Troilo,$dd. 1592.
650 0 $aChristian martyrs$zItaly$zRome (City)$xBiography.
651 0 $aRome (Italy)$xBiography.
650 0 $aChristian life$xCatholic authors.
700 12 $aDu Vair, Guillaume,$d1556-1621.$tDe la sainte philosophie. English. 1976.